000 00384nam a2200169Ia 4500
999 _c18467
_d18467
003 0100
005 20170905102000.0
008 130303s9999 xx 000 0 und d
040 _cARRUPELIB
050 _aPC2112 1995
100 _aJudge, Anne
_935645
245 2 _aA Reference Grammar of Modern French
_cAnne judge and F.G. Healey
260 _aLondon
_bEdward Arnold
_c1983
300 _axxxviii, 490p. ;
_c24cm.
650 _aFrench language
_xGrammar
_920163
700 _aHealey, F.G
_935646
942 _2lcc
_cMONOGRAPH